[Event "9th Norway Chess 2021"]
[Site "Stavanger"]
[Date "2021.09.09"]
[Round "3.1"]
[White "Firouzja, Alireza"]
[Black "Karjakin, Sergey"]
[Result "1/2-1/2"]
[WhiteElo "2754"]
[BlackElo "2758"]
[Annotator "TA"]
[PlyCount "73"]
[EventDate "2021.08.31"]
[EventType "tourn"]
[EventCountry "NOR"]
[SourceTitle "playchess.com"]
[Source "ChessBase"]
[SourceQuality "1"]

{[%evp 15,73,35,47,0,45,0,0,2,25,0,0,0,41,35,39,32,37,33,33,34,25,21,40,52,54,
41,34,29,27,28,27,29,24,18,22,17,16,2,16,0,0,0,0,0,0,0,0,0,-6,-2,0,-12,0,0,0,0,
0,0,0,0]} 1. e4 e5 2. Nf3 Nc6 3. Bc4 Bc5 4. c3 Nf6 5. d3 O-O 6. O-O d5 7. exd5
Nxd5 8. Re1 Bg4 9. a4 {C54: Giuoco Piano: 4 c3 Nf6, main lines with 5 d4 and 5
d3.} a5 10. h3 Bh5 11. Nbd2 {[%cal Bb1d2,Bd2f1,Bf1e3][%mdl 32]} Nb6 12. Bb3 (
12. Bb5 {seems wilder.} Bd6 13. Ne4 f5 14. Ng3 Bxf3 15. Qxf3 Ne7 16. Qxb7 Rb8
17. Qf3) 12... Qxd3 13. Nxe5 Bxd1 (13... Qf5 {is interesting.} 14. Nef3 Rae8
15. g4 Bxg4 16. hxg4 Qxg4+ 17. Kh1 Bxf2 18. Nh2 Rxe1+ 19. Qxe1 Qg3) 14. Nxd3
Bxb3 {[#]} 15. Nxc5 $146 ({Predecessor:} 15. Nxb3 Bd6 16. Nbc5 Rab8 17. Ne4
Rfd8 18. Nxd6 Rxd6 19. Bf4 Rxd3 20. Bxc7 Rc8 21. Bxb6 {1-0 (41) Gharamian,T 
(2590)-Sepp,O (2411) Batumi 2019}) 15... Bc2 16. Nf1 Ra7 17. Ne3 Bg6 18. b3 Rd8
19. f4 {[#] Strongly threatening f5.} f6 20. Ba3 Bf7 21. Rad1 Nd5 22. Nxd5 Rxd5
23. Rxd5 Bxd5 24. Rd1 Bf7 {aiming for ...b6.The position is equal.} 25. f5 Ra8
26. Rd7 Rc8 27. Nxb7 Ne5 28. Re7 Nc6 29. Rd7 Ne5 30. Rd4 Nc6 31. Rd2 {Black
must now prevent c4.} Bxb3 32. Nc5 Bf7 33. Ne6 h5 34. Rd5 Re8 35. Rd7 ({But not
} 35. Nxc7 Re1+ 36. Kf2 Bxd5 $17) 35... Bxe6 36. fxe6 Rxe6 37. Rxc7 {Weighted
Error Value: White=0.07/Black=0.06} 1/2-1/2

[Event "9th Norway Chess 2021"]
[Site "Stavanger"]
[Date "2021.09.09"]
[Round "3.1"]
[White "Tari, Aryan"]
[Black "Nepomniachtchi, Ian"]
[Result "1/2-1/2"]
[WhiteElo "2642"]
[BlackElo "2792"]
[Annotator "TA"]
[PlyCount "63"]
[EventDate "2021.08.31"]
[EventType "tourn"]
[EventCountry "NOR"]
[SourceTitle "playchess.com"]
[Source "ChessBase"]
[SourceQuality "1"]

{[%evp 14,63,16,11,16,16,14,14,20,12,28,16,23,0,-3,-3,-7,-2,-9,-15,0,-31,-21,
-46,-40,-64,-70,-45,0,0,0,0,0,0,-11,-19,0,0,0,0,0,0,0,0,0,0,0,0,0,0,0,0]} 1. e4
c5 2. Nf3 d6 3. d4 cxd4 4. Nxd4 Nf6 5. Nc3 a6 6. a4 e5 7. Nf3 Be7 {7...Be7
scores better than 7...Qc7.} 8. Bg5 Be6 {B90: Sicilian Najdorf: Unusual White
6th moves, 6 Be3 Ng4 and 6 Be3 e5.} 9. Bxf6 Bxf6 10. Nd5 Nc6 11. Bc4 Ne7 12.
O-O Rc8 {[#]} 13. Qd3 $146 (13. Nxf6+ {feels hotter.} gxf6 14. Bd3 Rg8 15. g3
Ng6 16. Kh1) ({Predecessor:} 13. b3 Nxd5 14. Bxd5 Bxd5 15. Qxd5 Rxc2 16. Qxb7
Qc8 17. Qxc8+ Rxc8 18. Nd2 Kd7 19. Nc4 {1/2-1/2 (27) Movsesian,S (2679)-Bok,B 
(2596) Moscow 2017}) 13... Nxd5 14. Bxd5 Bxd5 15. Qxd5 Rxc2 16. Qxb7 Qc8 17.
Qd5 Qc6 {Strongly threatening ...Qxd5.} 18. Rad1 Ke7 19. b3 Rc8 20. Qa5 Rb8 21.
Rd3 {The position is equal.} Kf8 22. Qe1 Rb2 23. Qd1 Qxe4 24. Rxd6 Qb4 {
Threatens to win with ...e4.} ({Of course not} 24... R2xb3 $6 25. Nd2 $16) 25.
Qd5 Qxb3 26. Nxe5 Bxe5 27. Rd8+ Ke7 28. Qxe5+ {[%mdl 64] [#] Double Attack}
Kxd8 29. Qd6+ {[%mdl 64] Double Attack} Kc8 30. Qc6+ Kd8 31. Qd6+ Kc8 32. Qc6+
{Weighted Error Value: White=0.05/Black=0.05} 1/2-1/2

[Event "9th Norway Chess 2021"]
[Site "Stavanger"]
[Date "2021.09.09"]
[Round "3.2"]
[White "Rapport, Richard"]
[Black "Carlsen, Magnus"]
[Result "1/2-1/2"]
[WhiteElo "2760"]
[BlackElo "2855"]
[Annotator "TA"]
[PlyCount "83"]
[EventDate "2021.08.31"]
[EventType "tourn"]
[EventCountry "NOR"]
[SourceTitle "playchess.com"]
[Source "ChessBase"]
[SourceQuality "1"]

{[%evp 9,83,-18,-6,-33,-14,-21,-21,-15,-16,-29,-24,-25,-26,-24,-14,-44,-44,-32,
-46,-45,0,0,18,16,51,65,64,0,24,-6,53,83,133,133,363,378,349,391,381,360,524,
271,274,270,268,262,258,260,271,0,0,0,0,0,0,0,0,-29980,-290,-283,-268,-696,
-259,-493,-238,-634,0,-448,0,0,0,0,0,0,0,0]} 1. g3 d5 2. Nf3 c5 3. Bg2 Nc6 4.
O-O e5 5. d3 Be7 6. Na3 {A08: King's Indian Attack.} Be6 7. e4 d4 8. Nc4 Qc7 9.
Ng5 Bxg5 10. Bxg5 f6 {[#]} 11. Bd2 $146 ({Predecessor:} 11. Bc1 Nge7 12. Qh5+
Bf7 13. Qg4 O-O 14. f4 b5 15. Na3 a6 16. f5 Kh8 17. Qh4 {1-0 (31) Khadzhaev,R 
(2316)-Novikova,A (2218) Ufa 2004}) 11... h5 12. f4 h4 13. Qe1 hxg3 14. Qxg3
O-O-O (14... Bxc4 $5 15. dxc4 Nh6 $11) 15. b3 Nh6 16. fxe5 Nxe5 17. Nxe5 fxe5
18. c3 (18. Bh3 $5 {[%cal Rh3e6]} Qd7 19. Bg2 $11 (19. Bxe6 Qxe6 20. Rf2 Rdf8
$11)) 18... Ng4 {aiming for ...dxc3.} 19. cxd4 exd4 (19... Rxd4 $11 20. h3 Nf6)
20. Bf4 $14 Qe7 21. Rac1 $1 {Threatens to win with b4.} g5 $2 {[#]} (21... Rxh2
$2 22. Bf3 $18) (21... b6 $16) 22. Rxc5+ $3 $18 {[%mdl 576] Clearance} Qxc5 {
[#]} 23. Rc1 $1 Qxc1+ (23... Qc3 24. Bd2) 24. Bxc1 Rxh2 (24... Ne3 {was worth
a try.} 25. Bxe3 (25. Qxg5 Rdg8 $11) 25... dxe3 26. Qxe3 Rh7) 25. Bxg5 Rg8 {[#]
} 26. Qd6 $1 {[%csl LRd4,LRe6]} Rxg5 27. Qxe6+ Kd8 {intending ...Rh6.} 28. Qd6+
Ke8 29. Bf3 $2 ({Less strong is} 29. Qxd4 Rh6 $16) ({Better is} 29. Qb8+ $18
Kf7 30. Qxb7+ Kg6 31. Qa6+ (31. Qxa7 Rh4 $18) 31... Kh5 32. Qc8 (32. Qxa7 Rh4
$18)) 29... Ne5+ $11 {[%mdl 64] Double Attack} 30. Kf1 {next Qe6+ is good for
White.} Nxf3 {[%csl Gf3][%cal Rg5g1]} 31. Qe6+ Kd8 {[%csl Gf3][%cal Rg5g1]} 32.
Qf6+ Ke8 {[%csl Gf3][%cal Rg5g1]} 33. Qxf3 $4 {[%mdl 12288] Endgame KQ-KRR} (
33. Qe6+ $11 Kf8 34. Qf6+ Ke8 35. Qe6+) 33... Rc5 $2 (33... Rg7 {mates} 34. a4
Rf7 35. Qxf7+ Kxf7 36. a5 Rb2 37. b4 Rxb4 38. Kf2 b5 39. Ke2 Rb2+ 40. Ke1 Rb3
41. Ke2 b4 42. Kf3 Rxd3+ 43. Kf4 Ke6 44. Kg4 b3 45. a6 b2 46. Kg5 b1=Q 47. Kh4
Qh1+ {[%mdl 64] Double Attack} 48. Kg5 Rg3+ 49. Kf4 Qh4#) 34. Kg1 $19 Rxa2 {
Hoping for ...Rc1+.} 35. Qf4 Rcc2 $2 (35... Kd7 36. Qf1 Kc6) 36. Qb8+ $2 (36.
Qe5+ Kd7 37. Qxd4+ Kc7 38. Qe5+ Kb6 39. Qf6+ Kc5 40. Qf8+ Kd4 41. Qf6+ Kxd3 42.
Qd6+ Kxe4 43. Qe7+ Kd3 44. Qd6+ Kc3 45. Qe5+ Kb4 46. Qe7+ Ka5 47. Qg5+ Ka6 48.
Qg6+ b6 49. Qd3+ Ka5 50. Qd5+ Kb4 51. Qd6+ Rc5 52. Qf8 Kxb3 53. Qf7+ Kb2 54.
Kh2 Rc3 55. Kg1 Rc2 56. Qg7+ Kb1 57. Qh7 a5 58. Qe4 a4 59. Qh7 Rab2 60. Qg6 a3
61. Kh1 a2 62. Qg1+ Rc1 63. Qxc1+ {[%mdl 64] Remove Defender} Kxc1 64. Kg1 a1=Q
65. Kh1 Qa8+ 66. Kg1 Qg2#) 36... Ke7 (36... Kf7 $142 {[%cal Rc2c1]} 37. Qf4+
Ke6 38. Qf5+ Kd6 39. e5+ Kc5 40. e6+ Kb4 41. Qf8+ Kxb3) 37. Qe5+ {[#]} Kf7 $2 (
{Black should try} 37... Kd7 $1 $19 {[%cal Rc2c1]} 38. Qxd4+ Kc6 39. Qf6+ Kc5
40. Qf8+ Kd4 41. Qf6+ Ke3 42. Qg5+ Kxd3 43. Qg3+ Kxe4 44. Qh4+ Kd3 45. Qg3+ Kd2
46. Qg5+ Kd1) 38. Qd5+ $2 {[%mdl 8192] [#]} (38. Qh5+ $1 $11 Ke7 39. Qe5+ Kd7
40. Qd5+ (40. Qxd4+ $2 Kc6 $19) 40... Kc7 41. Qe5+ Kb6 42. Qf6+ Kb5 43. Qf1)
38... Kg6 $2 (38... Ke8 $1 $19 {[%cal Rc2c1]} 39. Qe5+ Kd8 40. Qxd4+ Kc7 41.
Qe5+ Kc6 42. Qf6+ Kc5 43. Qf8+ Kd4 44. Qf6+ Kc5 45. Qe7+ Kc6 46. Qf6+ Kc5) 39.
Qf5+ $11 {The position is equal.} Kg7 40. Qg5+ Kh7 (40... Kf7 $5 {[%cal Ra2a1]}
41. Qh5+ Ke6 42. Qd5+ Ke7 43. Qe5+ Kd7 44. Qxd4+ Kc7 45. Qe5+ Kc6 46. Qf6+ Kc5
47. Qf8+ Kd4 48. Qg7+ Kxd3 49. Qg3+ Kxe4 50. Qh4+ Kd3 51. Qg3+ Kd4 52. Qg4+ Kc5
53. Qf5+ Kb4 54. Qf8+ Kxb3 55. Qf7+ Kb2 56. Qxb7+ Ka1 57. Qg7+ Kb1 58. Qh7 a5
59. Kf1 a4 60. Qe4 a3 61. Qg6 Rab2 62. Qe4 a2 63. Qe1+ Rc1 64. Qxc1+ {[%mdl 64]
Remove Defender} Kxc1 65. Ke1 a1=Q 66. Kf1 Rc2 67. Kg1 Kb2#) 41. Qh5+ Kg7 {
( -> ...Rc1+)} 42. Qg5+ {Weighted Error Value: White=0.69/Black=0.78} 1/2-1/2

[Event "9th Norway Chess 2021"]
[Site "Stavanger"]
[Date "2021.09.09"]
[Round "3.2"]
[White "Firouzja, Alireza"]
[Black "Karjakin, Sergey"]
[Result "0-1"]
[WhiteElo "2754"]
[BlackElo "2758"]
[Annotator "TA"]
[PlyCount "124"]
[EventDate "2021.08.31"]
[EventType "tourn"]
[EventCountry "NOR"]
[SourceTitle "playchess.com"]
[Source "ChessBase"]
[SourceQuality "1"]

{[%evp 9,124,0,-2,-1,28,15,26,34,26,6,11,-21,-22,-27,-30,-52,-52,-59,-4,-50,
-52,-54,-54,-50,-55,-72,-46,-63,-45,-86,-102,-92,-47,-69,-61,-87,-32,-39,-32,
-37,-36,-25,127,124,139,152,160,149,166,133,141,145,136,45,209,197,429,433,426,
83,148,0,385,315,228,117,729,728,711,713,662,81,82,64,125,120,218,231,216,216,
214,193,258,254,213,0,0,0,0,0,0,0,0,0,0,0,0,0,0,0,0,0,0,0,0,0,0,0,0,-1044,0,
-29981,-29982,-29982,-29983,-29983,-29984]} 1. b3 e5 2. Bb2 Nc6 3. c4 Nf6 4.
Nf3 e4 5. Nd4 Nxd4 (5... Bc5 {is interesting.} 6. Nf5 O-O 7. e3 d5 8. cxd5 Nb4)
6. Bxd4 {A01: Nimzowitsch-Larsen Opening.} b6 $5 {[%mdl 4] An interesting side
line.} 7. g3 Bb7 8. Bg2 {[#] White has an edge.} Bc5 $146 ({Predecessor:} 8...
Be7 9. O-O O-O 10. Nc3 c5 11. Be3 d5 12. cxd5 Nxd5 13. Nxe4 f5 14. Nc3 Nxe3 15.
dxe3 Bxg2 16. Kxg2 {1-0 (57) Fry,P (1752)-Palma,M (1529) Cammeray 2010}) 9. Bb2
h5 10. d4 Bb4+ 11. Nc3 h4 {White must now prevent ...h3.} 12. e3 d5 13. Qc2 Bc8
({Better is} 13... a5 $15) 14. h3 hxg3 15. fxg3 c6 16. O-O-O Be6 17. Ne2 a5 18.
Nf4 a4 19. Kb1 axb3 20. Qxb3 Bd6 21. cxd5 cxd5 22. g4 O-O (22... Bxf4 $17 23.
exf4 Bd7) 23. g5 $15 Bxf4 24. gxf6 Bh6 25. fxg7 $1 Kxg7 {[#]} (25... Bxg7 $11
26. Ba3 Re8) 26. Bxe4 $1 $16 {[%mdl 512]} f5 (26... Qd7 27. Bc2) 27. Rhg1+ Kh7
28. Bd3 Qd6 29. Rg2 Bxe3 30. Re1 Bh6 31. Qd1 (31. a4 $1 $16 {Strongly
threatening Ba3.} Rf6 32. Ba3) 31... Bd7 $2 (31... Rf6 $14) 32. Qh5 $18 Rf6 $2
(32... Be8 33. Bxf5+ Rxf5 {[%mdl 64] Remove Defender} 34. Qxf5+ Bg6 35. Qxg6+ (
35. Re7+ Bg7 $16) 35... Qxg6+ 36. Rxg6 Kxg6 37. Re6+ Kh5 38. Rxb6 Be3) 33. Reg1
{aiming for Rg7+.} Qf8 34. Bc1 $2 (34. Qh4 $18 {and White stays clearly on top.
Threatens to win with Rg8!} Re8 35. Ka1) 34... Qb4+ $16 35. Bb2 $2 (35. Rb2 $16
{White wants to mate with Bxh6.} Qxd4 36. Rd1 (36. Rg3 Rg8 $14)) 35... Qf8 $18
36. a3 Rc8 37. Rg6 (37. Ka2 $18) 37... Be8 $2 {[%mdl 8192]} (37... Rcc6 $16 38.
Rg8 Qxg8 39. Rxg8 Kxg8) 38. Rxf6 Bxh5 39. Rxf5 {[%mdl 64] Threatening mate
with Rf7+! Double Attack} ({Weaker is} 39. Rxf8 Rxf8 40. Rf1 Bg6 $11) 39... Kh8
40. Rxf8+ $2 (40. Rxh5 $18 {Rg6 is the strong threat.} Rc7 41. Rg6) 40... Rxf8
$16 41. Re1 Rf3 {[#]} (41... Rf6 $14) 42. Re6 $1 Kg7 (42... Bg5 $16) 43. Be2
$18 Rxh3 44. Bxh5 Rxh5 45. Rxb6 {[%mdl 4096] Endgame KRB-KRB} Be3 (45... Kf7 {
is a better defense.} 46. a4 Bd2) 46. a4 $1 Rh4 {[#]} 47. a5 $2 (47. Ka2 $1 $18
) 47... Bxd4 $11 48. Rb4 Rh1+ 49. Ka2 Bxb2 50. Kxb2 {KR-KR} Kf6 51. a6 Rh8 52.
Kb3 Ke5 53. Rb6 d4 54. a7 Ra8 55. Ra6 Kd5 56. Kb4 d3 {Hoping for ...d2.} 57.
Kb5 (57. Kc3 {keeps more tension.} Kc5 58. Kxd3 Kb5 59. Ra1 Kb6 60. Rb1+) 57...
d2 58. Ra1 Kd4 59. Kb4 $2 {[%mdl 8192]} (59. Kb6 $11) 59... Kd3 $2 ({And not} 
59... Rxa7 60. Rxa7 Kd3 61. Ra3+ Ke2 62. Ra2 $11) ({Black should try} 59... Ke3
$19 60. Kc4 {[#]} Rxa7 $3 {[%mdl 576] Deflection, Promotion} 61. Rxa7 d1=Q 62.
Re7+ Kf4 63. Rf7+ Ke4 64. Re7+ Kf5) 60. Ra3+ {[%mdl 8192]} (60. Kc5 $11) 60...
Ke2 {Black mates.} 61. Ra2 Ke1 62. Ra1+ d1=Q {Quite a comeback for Black. 
Weighted Error Value: White=0.62/Black=0.37} 0-1

[Event "9th Norway Chess 2021"]
[Site "Stavanger"]
[Date "2021.09.09"]
[Round "3.2"]
[White "Tari, Aryan"]
[Black "Nepomniachtchi, Ian"]
[Result "0-1"]
[WhiteElo "2642"]
[BlackElo "2792"]
[Annotator "TA"]
[PlyCount "62"]
[EventDate "2021.08.31"]
[EventType "tourn"]
[EventCountry "NOR"]
[SourceTitle "playchess.com"]
[Source "ChessBase"]
[SourceQuality "1"]

{[%evp 9,62,6,0,-16,-9,-9,-12,-12,-22,-6,-22,-40,-31,-36,47,40,41,38,52,64,114,
117,111,97,99,102,142,57,83,45,46,56,60,48,31,12,258,252,229,-8,-8,-56,0,0,0,0,
0,-227,-208,-305,-249,-329,77,-542,-538]} 1. e4 c5 2. Nc3 d6 3. f4 g6 4. Nf3
Bg7 5. Bb5+ Bd7 6. Bc4 {B23: Closed Sicilian: Lines without g3.} Nc6 7. d3 Na5
8. Bd2 {The position is equal.} e6 9. Qe2 Ne7 {[#]} 10. e5 $146 ({Predecessor:
} 10. a3 O-O 11. Ba2 Nac6 12. Qf2 Qb6 13. O-O-O Qa6 14. e5 d5 15. Qxc5 b6 16.
Qf2 {0-1 (35) Kadric,D (2495)-Gabuzyan,H (2578) Golden Sands 2015}) 10... Nf5
11. Bb5 d5 (11... Bxb5 $15 12. Nxb5 dxe5) 12. Bxd7+ $14 Qxd7 {[#]} 13. Nxd5 $1
exd5 14. Bxa5 Qb5 15. Bc3 d4 16. Bd2 Qxb2 17. O-O O-O 18. Qe4 (18. Rfb1 $16
Qxc2 19. Rb3) 18... b6 19. g4 Ne3 {[%cal Re3f1]} 20. Bxe3 dxe3 21. Rae1 Qxc2
22. f5 Rfe8 $2 ({Don't play} 22... Qxa2 $6 23. f6 $18) (22... Rae8 $1 $11 {
and Black stays safe.}) 23. e6 $18 {Strongly threatening exf7+.} Qxa2 {White
must now prevent ...gxf5.} 24. Rxe3 $2 (24. Ng5 $1 $18 h6 25. Nxf7 (25. exf7+
Qxf7 26. Nxf7 Rxe4 $14)) 24... fxe6 $1 $11 25. fxg6 (25. Ng5 $5 {[%cal Rf5f6]}
Qd5 26. Qxd5 exd5 27. Rxe8+ Rxe8 28. f6 Bxf6 29. Rxf6 $11) 25... h6 (25... Qd5
$1 $15 26. gxh7+ Kh8) 26. g5 {Threatens to win with gxh6.} Qd5 $1 27. Qh4 Qf5
$36 {[%mdl 2048] Black has some pressure.} 28. Qh5 $2 (28. gxh6 $11 Qxg6+ {
[%mdl 64] Double Attack} 29. Kh1 Qxh6 30. Qe4) 28... Rf8 $19 29. Re4 {[#]} (29.
Rfe1 $142) 29... Rf6 $3 {[%mdl 512]} 30. Rg4 {[#]} (30. h4 Rd8) 30... Rxg6 $2 {
[#]} ({Less strong is} 30... Qxg6 31. Qh3 $19) (30... Raf8 $1 $19 31. Re4 (31.
Rg3 a5) 31... Rd8 $1) 31. Nh4 $2 {[%mdl 8192] [#]} (31. Ne5 $1 $16 {is forced
if you want to stay better.} Qxe5 32. Qxg6 Qe3+ 33. Kh1) 31... Qxg4+ $3 {
[%mdl 576] Remove Defender.  Weighted Error Value: White=0.63/Black=0.50} 0-1

[Event "9th Norway Chess 2021"]
[Site "Stavanger"]
[Date "2021.09.10"]
[Round "4.1"]
[White "Carlsen, Magnus"]
[Black "Nepomniachtchi, Ian"]
[Result "1/2-1/2"]
[WhiteElo "2855"]
[BlackElo "2792"]
[Annotator "TA"]
[PlyCount "77"]
[EventDate "2021.08.31"]
[EventType "tourn"]
[EventCountry "NOR"]
[SourceTitle "playchess.com"]
[Source "ChessBase"]
[SourceQuality "1"]

{[%evp 19,77,20,37,31,34,0,26,1,20,6,2,14,8,0,0,-10,0,-11,0,0,0,0,0,0,0,0,0,0,
2,4,5,5,6,0,6,0,0,0,0,0,0,0,0,0,0,0,0,0,0,0,0,0,0,0,0,0,0,0,0,0]} 1. e4 e5 2.
Nf3 Nc6 3. Bb5 Nf6 4. O-O Nxe4 5. d4 Nd6 6. Bxc6 dxc6 7. dxe5 Nf5 8. Qxd8+ Kxd8
9. Rd1+ {9.h3 is becoming the main line.} Ke8 10. Nc3 Be6 11. Ng5 {C67: Ruy
Lopez: Berlin Defence: 4 0-0 Nxe4.} Bc8 12. h3 Be7 13. Nf3 {White has an edge.}
h5 {The position is equal.} 14. Ne2 (14. Ne4 {seems wilder.} b6 15. c3 Bb7 16.
Bf4 c5 17. Re1) 14... Nh4 15. Nxh4 Bxh4 {[#]} 16. g3 $146 (16. c3 {keeps more
tension.} Be7 17. Be3 g6 18. Nd4 Kf8 19. Re1) ({Predecessor:} 16. Be3 Be7 17.
Rd2 h4 18. Rad1 Rh5 19. f4 f6 20. exf6 gxf6 21. Nd4 Kf7 22. c4 Bc5 23. b3 Be6
24. Bf2 Bxd4 25. Rxd4 {1/2-1/2 (36) Li,C (2690)-Wei,Y (2725) China 2019}) 16...
Be7 17. Kg2 Bf5 18. c3 c5 19. Be3 g5 20. f3 g4 21. Nf4 gxf3+ 22. Kxf3 b6 23.
Rd2 Rd8 24. Rad1 Rxd2 25. Rxd2 Bd8 26. h4 c6 27. Ng2 Bg4+ 28. Kf2 Rg8 29. a3
Be7 30. Bf4 Rg6 31. Ne1 Be6 (31... b5 {is more complex.} 32. Nf3 a5 33. Ng5 f6
34. exf6 Rxf6 35. c4 bxc4 36. Rc2 Rf5) 32. Nf3 Bd5 33. Bg5 Bxf3 34. Bxe7 Kxe7
35. Kxf3 $11 {KR-KR} Ke6 36. Kf4 {[#] aiming for Rd6+.} Rg4+ 37. Kf3 Rg6 38.
Kf4 {Strongly threatening Rd6+.} Rg4+ 39. Kf3 {Weighted Error Value: White=0.
04/Black=0.02} 1/2-1/2

[Event "9th Norway Chess 2021"]
[Site "Stavanger"]
[Date "2021.09.10"]
[Round "4.1"]
[White "Rapport, Richard"]
[Black "Firouzja, Alireza"]
[Result "1-0"]
[WhiteElo "2760"]
[BlackElo "2754"]
[Annotator "TA"]
[PlyCount "109"]
[EventDate "2021.08.31"]
[EventType "tourn"]
[EventCountry "NOR"]
[SourceTitle "playchess.com"]
[Source "ChessBase"]
[SourceQuality "1"]

{[%evp 14,109,0,0,21,19,38,6,22,17,14,15,10,8,34,35,65,15,54,19,60,55,46,58,60,
57,56,56,58,72,56,54,60,41,39,33,35,32,51,51,51,52,52,55,68,68,68,68,68,60,62,
64,66,60,58,56,67,65,66,50,50,50,75,62,90,84,89,91,85,90,88,88,95,95,168,95,95,
95,93,112,101,96,99,87,135,146,141,141,106,132,436,423,474,453,565,566,658,568]
} 1. d4 Nf6 2. c4 g6 3. Nc3 d5 4. Nf3 Bg7 5. cxd5 Nxd5 6. Bd2 O-O 7. Rc1 Nxc3
8. Bxc3 Nd7 {[%cal Bb8d7,Bd7f6,Bf6e4][%mdl 32] D90: Grünfeld: 4 Nf3 Bg7
sidelines.} 9. e3 b6 10. Be2 Bb7 {The position is equal.} 11. b4 Nf6 12. O-O {
[#]} Ne4 $146 ({Predecessor:} 12... Qd5 13. Qa4 Ne4 14. Rfd1 c5 15. bxc5 bxc5
16. Ba1 Qf5 17. Qa5 g5 18. Bd3 Rfc8 19. Bxe4 Bxe4 20. Rxc5 Rxc5 21. Qxc5 {
0-1 (36) Bergsson,S (2265)-Gislason,G (2265) Reykjavik 1993}) 13. Ba1 Qd6 14.
Ne5 Rfc8 15. Qa4 a6 16. Nc6 b5 17. Qc2 Bxc6 18. Qxc6 Qxc6 19. Rxc6 a5 20. Bd3
Nf6 21. Bxb5 axb4 22. Bc4 Ne4 23. Rc1 Nd2 24. Ba6 Rcb8 25. R1c2 Rb6 26. Rxb6
cxb6 27. Bb7 Ra7 28. Bc6 $1 Nb1 29. Bd5 Nc3 30. Bb3 Rc7 31. f4 e6 32. g4 Bf6
33. g5 Be7 34. Kg2 Kg7 35. Kf3 h6 36. h4 Rc8 37. Bb2 b5 38. Rc1 Bd8 39. a3 Ba5
40. axb4 Bxb4 41. e4 Ba5 42. d5 exd5 43. exd5 {Threatens to win with Ra1.} hxg5
{[#]} (43... b4 $16) 44. hxg5 ({Don't play} 44. fxg5 $6 Kf8 $16) (44. Ra1 $1
$18 {[%cal Ra1a5]} Bb6 45. Ra6 (45. fxg5 b4 $14)) 44... b4 $16 45. d6 {aiming
for Ra1.} Rd8 46. Rd1 Bb6 47. d7 Kf8 48. Rd6 Ba7 49. Bc4 Bc5 50. Rc6 Bd4 51.
Rc8 Ke7 {[%mdl 8192] [#] This costs Black the game.} (51... Bb6 $16 {is a
better chance.}) 52. Bxf7 $1 $18 {[%mdl 512] White is clearly winning.} Kxd7 (
52... Rxd7 53. Bxg6) 53. Rc4 {[%mdl 64] Double Attack} Ke7 54. Bxg6 Rd6 55.
Rxb4 {Weighted Error Value: White=0.06/Black=0.22} 1-0

[Event "9th Norway Chess 2021"]
[Site "Stavanger"]
[Date "2021.09.10"]
[Round "4.1"]
[White "Tari, Aryan"]
[Black "Karjakin, Sergey"]
[Result "1/2-1/2"]
[WhiteElo "2642"]
[BlackElo "2758"]
[Annotator "TA"]
[PlyCount "60"]
[EventDate "2021.08.31"]
[EventType "tourn"]
[EventCountry "NOR"]
[SourceTitle "playchess.com"]
[Source "ChessBase"]
[SourceQuality "1"]

{[%evp 18,60,18,16,22,19,14,28,29,0,0,0,0,0,0,0,0,0,0,0,0,0,0,0,0,0,4,0,23,28,
30,0,0,0,0,0,0,0,0,0,0,0,0,0,0]} 1. e4 e5 2. Nf3 Nc6 3. Bb5 Nf6 4. O-O Nxe4 5.
Re1 Nd6 6. Nxe5 Be7 7. Bf1 Nxe5 8. Rxe5 O-O 9. d4 Bf6 10. Re1 Re8 {C67: Ruy
Lopez: Berlin Defence: 4 0-0 Nxe4.} 11. Bf4 Rxe1 12. Qxe1 Ne8 {White has an
edge.} 13. Qc3 d5 14. Nd2 {[#]} Bf5 $146 ({Predecessor:} 14... c6 15. Re1 g6
16. b4 Ng7 17. Nb3 Ne6 18. Be5 Bd7 19. Qg3 Bxe5 20. Rxe5 Qf8 {1/2-1/2 (53)
Piorun,K (2640)-Howell,D (2698) Heraklion 2017}) 15. Re1 c6 16. Bd3 Bxd3 17.
Qxd3 Nc7 18. Nf3 Ne6 19. Be5 Be7 20. c3 Qb6 21. Re2 Re8 22. h4 h5 23. Bg3 {
[#] Black must now prevent Rxe6!} Bf6 24. Be5 Bxe5 {The position is equal.} 25.
Rxe5 Qxb2 26. Ng5 Qc1+ 27. Kh2 Qf4+ 28. Kg1 {[#] aiming for Qh7+.} Qc1+ 29. Kh2
{Strongly threatening Qf5!} Qf4+ 30. Kg1 {Qh7+ is the strong threat.} Qc1+ {
A rather calm draw.  Weighted Error Value: White=0.04/Black=0.01} 1/2-1/2

[Event "9th Norway Chess 2021"]
[Site "Stavanger"]
[Date "2021.09.10"]
[Round "4.2"]
[White "Carlsen, Magnus"]
[Black "Nepomniachtchi, Ian"]
[Result "1-0"]
[WhiteElo "2855"]
[BlackElo "2792"]
[Annotator "TA"]
[PlyCount "81"]
[EventDate "2021.08.31"]
[EventType "tourn"]
[EventCountry "NOR"]
[SourceTitle "playchess.com"]
[Source "ChessBase"]
[SourceQuality "1"]

{[%evp 18,81,35,18,19,26,25,20,27,6,12,9,11,9,19,0,34,29,27,29,37,14,81,82,90,
46,319,316,309,276,513,506,689,385,343,388,378,360,298,203,203,186,188,195,188,
183,184,168,241,226,244,244,402,366,1052,1031,997,873,1189,1093,802,658,5216,
5197,5154,5069]} 1. Nf3 Nf6 2. g3 d5 3. Bg2 g6 4. O-O Bg7 5. c4 c6 6. b3 Ne4 7.
d4 O-O 8. Bb2 a5 9. Nc3 Bf5 10. e3 Nxc3 {D78: Fianchetto Grünfeld: 6 0-0 c6.}
11. Bxc3 Be4 12. Qe2 a4 {The position is equal.} 13. Rfc1 axb3 14. axb3 Rxa1
15. Rxa1 {[#]} Qb6 $146 ({Predecessor:} 15... c5 16. Qb2 cxd4 17. Bxd4 Bxd4 18.
exd4 Nc6 19. c5 e6 20. Nd2 Bxg2 21. Kxg2 Qf6 22. Nf3 g5 23. h3 h5 24. Qc3 Qf5
25. Re1 Ra8 {1/2-1/2 (25) Nikolic,P (2648)-Kempinski,R (2586) Antalya 2004})
16. b4 {[%cal Bb3b4,Bb4b5][%mdl 32]} Nd7 17. c5 Qc7 18. Ra7 Qb8 19. Qa2 Bxf3 (
19... Bd3 $11) 20. Bxf3 $16 e5 21. b5 {Hoping for bxc6.} e4 $2 {[%mdl 8192]
This costs Black the game.} (21... exd4 $14 22. Bxd4 Bxd4 23. exd4 Nf6) 22. Be2
$18 Nxc5 23. Bb4 {[%mdl 64] Pin} Na6 (23... Ne6 {is a better defense.} 24. Bxf8
Bxf8) 24. Bxf8 Bxf8 {[#]} 25. Rxb7 {[%mdl 512]} Qxb7 26. Qxa6 Qb8 27. Qxc6 Qd6
28. Qxd6 Bxd6 {[%mdl 4096] Endgame [#] KB-KB} 29. Bd1 $1 Bc7 30. Bb3 Kg7 31.
Bxd5 f5 32. g4 Kf6 {[#]} (32... h5 $142 33. gxh5 gxh5) 33. h4 $1 h6 34. Kg2 Bd8
$2 (34... Ba5 {keeps fighting.} 35. f3 exf3+ 36. Kxf3 Bd8) 35. h5 fxg4 $2 (
35... g5 36. Kf1 Bc7) 36. hxg6 {White is clearly winning.} Kxg6 37. Bxe4+ Kg5
38. f4+ Kf6 39. Kg3 h5 40. Kh4 Ba5 41. b6 {Weighted Error Value: White=0.21/
Black=0.59} 1-0